| 000 | 00460nam a22001457a 4500 | ||
|---|---|---|---|
| 005 | 20250129132017.0 | ||
| 008 | 250129b |||||||| |||| 00| 0 eng d | ||
| 020 | _a9789789409020 | ||
| 100 |
_aMshelia, Elijah Dika _d2022 _f20252901 |
||
| 245 |
_aTheoretical Mechanics1 : _bNewtonan Dynamics/ _cElijah Dika Mshelia. |
||
| 260 |
_aIbadan, Nigeria: _bUniversity Press,PLC Ibadan, |
||
| 300 | _bxi,422p. | ||
| 500 |
_3Text book _5kku _ainclude index and ills |
||
| 942 | _2lcc | ||
| 999 |
_c16 _d16 |
||